000086031 001__ 86031
000086031 005__ 20191120091531.0
000086031 037__ $$aTAZ-TFG-2018-1892
000086031 041__ $$aspa
000086031 1001_ $$aAventín Llored, Alejandro
000086031 24200 $$aAnalysis of the drug phenomenon in Monzón: Prevention of drug dependence and risk reduction through leisure and free time
000086031 24500 $$aAnálisis del fenómeno de las drogas en Monzón: Prevención a la drogodependencia y reducción de riesgos a través del ocio y tiempo libre
000086031 260__ $$aZaragoza$$bUniversidad de Zaragoza$$c2018
000086031 500__ $$aResumen disponible también en inglés.
000086031 506__ $$aby-nc-sa$$bCreative Commons$$c3.0$$uhttp://creativecommons.org/licenses/by-nc-sa/3.0/
000086031 520__ $$aEsta investigación se ha centrado en conocer la prevalencia del consumo de sustancias entre los adolescentes de Monzón, así como las ofertas de ocio y tiempo libre que se les ofrecen. Los problemas relacionados con las drogas entre los jóvenes siguen siendo una realidad en nuestra sociedad. Estos hábitos de consumo se encuentran normalizados entre la población y especialmente en los espacios de ocio y tiempo libre. Se ha extraído que existe un déficit en la oferta de ocio proporcionada a los jóvenes de la localidad, además de una elevada prevalencia en el consumo de sustancias.
000086031 521__ $$aGraduado en Trabajo Social
000086031 540__ $$aDerechos regulados por licencia Creative Commons
000086031 700__ $$aGimeno Monterde, Chabier$$edir.
000086031 7102_ $$aUniversidad de Zaragoza$$bPsicología y Sociología$$cTrabajo Social y Servicios Sociales
000086031 8560_ $$f682897@celes.unizar.es
000086031 8564_ $$s1712923$$uhttps://zaguan.unizar.es/record/86031/files/TAZ-TFG-2018-1892.pdf$$yMemoria (spa)
000086031 909CO $$ooai:zaguan.unizar.es:86031$$pdriver$$ptrabajos-fin-grado
000086031 950__ $$a
000086031 951__ $$adeposita:2019-11-20
000086031 980__ $$aTAZ$$bTFG$$cSOCIZ
000086031 999__ $$a20180622111631.CREATION_DATE